[Event "Europa ch 2014"]
[Site "Yerevan ARM"]
[Date "2014.03.12"]
[Round "9.97"]
[White "Simonian, Tigran"]
[Black "Khachatryan, Vahagn"]
[Result "1-0"]
[WhiteElo "2425"]
[BlackElo "2278"]
[PlyCount "79"]
[EventDate "2014.03.03"]
[EventType "swiss"]
[EventRounds "11"]
[EventCountry "ARM"]
[Source "lmi"]
[SourceDate "2014.03.02"]

1. d4 d5 2. Nf3 Nf6 3. c4 c6 4. Nc3 e6 5. e3 Nbd7 6. Qc2 Bd6 7. Bd3 dxc4 8.
Bxc4 b5 9. Be2 O-O 10. O-O Bb7 11. e4 e5 12. dxe5 Nxe5 13. Nh4 b4 14. Nf5 bxc3
15. Rd1 Nd5 16. exd5 cxd5 17. Nxd6 Qxd6 18. Qxc3 Rac8 19. Qd4 Nc6 20. Qh4 Rfe8
21. Bd3 h6 22. Bf4 Qb4 23. Qg3 Kh8 24. a3 Qb6 25. b4 Qd8 26. b5 Na5 27. Bf5 Ra8
28. Be3 Nc4 29. Bd4 Qg5 30. Qxg5 hxg5 31. a4 a6 32. b6 a5 33. Re1 Bc6 34. Rab1
Nd2 35. f3 Nxb1 36. Rxb1 Rab8 37. Rc1 Rec8 38. Bxc8 Rxc8 39. Be3 f6 40. Rxc6
1-0

[Event "Europa ch 2014"]
[Site "Yerevan ARM"]
[Date "2014.03.12"]
[Round "9.98"]
[White "Karatorossian, David"]
[Black "Tari, Aryan"]
[Result "1-0"]
[WhiteElo "2262"]
[BlackElo "2424"]
[PlyCount "39"]
[EventDate "2014.03.03"]
[EventType "swiss"]
[EventRounds "11"]
[EventCountry "ARM"]
[Source "lmi"]
[SourceDate "2014.03.02"]

1. e4 c5 2. Nf3 d6 3. d4 cxd4 4. Nxd4 Nf6 5. Nc3 a6 6. Bg5 e6 7. f4 Nbd7 8. Qf3
Qc7 9. O-O-O b5 10. Bd3 Bb7 11. Rhe1 Be7 12. Nd5 exd5 13. Nf5 Bf8 14. e5 dxe5
15. fxe5 Ne4 16. Bxe4 dxe4 17. Rxe4 Qc4 18. e6 Nf6 19. exf7+ Kxf7 20. Nh6+ 1-0

[Event "Europa ch 2014"]
[Site "Yerevan ARM"]
[Date "2014.03.12"]
[Round "9.99"]
[White "Berchtenbreiter, Maximilian"]
[Black "Manukyan, Sargis V"]
[Result "1-0"]
[WhiteElo "2421"]
[BlackElo "2268"]
[PlyCount "129"]
[EventDate "2014.03.03"]
[EventType "swiss"]
[EventRounds "11"]
[EventCountry "ARM"]
[Source "lmi"]
[SourceDate "2014.03.02"]

1. c4 c5 2. b3 Nc6 3. Bb2 e5 4. g3 d6 5. Bg2 Nge7 6. e3 g6 7. Ne2 Bg7 8. Nbc3
O-O 9. Nd5 Nxd5 10. cxd5 Nb4 11. Qb1 a5 12. O-O Bd7 13. a3 Na6 14. f4 Qe7 15.
Ra2 Nc7 16. Qa1 Bb5 17. fxe5 dxe5 18. Rf2 a4 19. Qd1 Bxe2 20. Rxe2 e4 21. Bxg7
Kxg7 22. bxa4 Nxd5 23. Qb3 Rfd8 24. Rf2 Ra6 25. Ra1 h5 26. Raf1 f5 27. Rc1 Nf6
28. Bf1 Rc6 29. Qc3 Kh7 30. h3 Nd5 31. Qb2 Rb6 32. Qc2 Qe5 33. a5 Rb2 34. Qxc5
Qxg3+ 35. Rg2 Qd6 36. Qd4 Qf6 37. Qa4 Ne7 38. Rc7 Kh6 39. a6 Rdxd2 40. Rxb7 Ra2
41. Qe8 Rxg2+ 42. Bxg2 Ra1+ 43. Bf1 Qg5+ 44. Kh2 Ra2+ 45. Kh1 Qxe3 46. Qf8+ Kg5
47. Qxe7+ Kh6 48. Qg7+ Kg5 49. Qe7+ Kh6 50. Qf8+ Kg5 51. Qd8+ Kh6 52. Qh8+ Kg5
53. Rb2 Qf3+ 54. Rg2+ Kh4 55. Qf6+ Kxh3 56. Qc3 Qxc3 57. Rc2+ Kg4 58. Rxc3 Rd2
59. a7 Rd8 60. Bb5 f4 61. Bd7+ Kh4 62. Rc8 Rxd7 63. a8=Q Kg3 64. Rc1 Rd2 65.
Qxe4 1-0

[Event "Europa ch 2014"]
[Site "Yerevan ARM"]
[Date "2014.03.12"]
[Round "9.100"]
[White "Dilanyan, Grigor"]
[Black "Sanal, Vahap"]
[Result "0-1"]
[WhiteElo "2266"]
[BlackElo "2390"]
[PlyCount "50"]
[EventDate "2014.03.03"]
[EventType "swiss"]
[EventRounds "11"]
[EventCountry "ARM"]
[Source "lmi"]
[SourceDate "2014.03.02"]

1. d4 d5 2. c4 c6 3. Nf3 Nf6 4. Nbd2 g6 5. e3 Bg7 6. Bd3 O-O 7. O-O Nbd7 8. Qe2
Re8 9. Ne5 Nxe5 10. dxe5 Nd7 11. f4 Nc5 12. Bb1 f6 13. b4 Na4 14. cxd5 fxe5 15.
dxc6 exf4 16. Qc4+ e6 17. Nb3 Qd5 18. Qc2 Bxa1 19. Nxa1 Qxc6 20. Qb3 b5 21.
exf4 Bb7 22. Qg3 Nc3 23. Bd3 Rad8 24. Rf2 Ne4 25. Bxe4 Rd1+ 0-1

[Event "Europa ch 2014"]
[Site "Yerevan ARM"]
[Date "2014.03.12"]
[Round "9.101"]
[White "Ali Marandi, Cemil Can"]
[Black "Matevosyan, Sedrak"]
[Result "1-0"]
[WhiteElo "2380"]
[BlackElo "2213"]
[PlyCount "71"]
[EventDate "2014.03.03"]
[EventType "swiss"]
[EventRounds "11"]
[EventCountry "ARM"]
[Source "lmi"]
[SourceDate "2014.03.02"]

1. e4 c5 2. c3 Nf6 3. e5 Nd5 4. Nf3 Nc6 5. d4 cxd4 6. cxd4 d6 7. Bc4 Nb6 8. Bb5
dxe5 9. Nxe5 Bd7 10. Nxd7 Qxd7 11. Nc3 e6 12. O-O Be7 13. Qg4 O-O 14. Bxc6 bxc6
15. Bh6 Bf6 16. Rfd1 Rfd8 17. Ne4 Qe7 18. Rac1 Rac8 19. h4 Rd5 20. Rc3 Bxd4 21.
Rxd4 f5 22. Qxg7+ Qxg7 23. Bxg7 Kxg7 24. Rg3+ Kf8 25. Ng5 Ke7 26. Rxd5 cxd5 27.
Nxh7 Rc1+ 28. Kh2 Rc2 29. h5 Nd7 30. h6 Rc4 31. Rg7+ Kd6 32. g3 Ne5 33. Nf6 Rc2
34. Ne8+ Kc5 35. Rc7+ Nc6 36. h7 1-0

[Event "Europa ch 2014"]
[Site "Yerevan ARM"]
[Date "2014.03.12"]
[Round "9.102"]
[White "Bulmaga, Irina"]
[Black "Antinyan, Armen"]
[Result "0-1"]
[WhiteElo "2375"]
[BlackElo "2155"]
[PlyCount "128"]
[EventDate "2014.03.03"]
[EventType "swiss"]
[EventRounds "11"]
[EventCountry "ARM"]
[Source "lmi"]
[SourceDate "2014.03.02"]

1. e4 e6 2. d4 d5 3. Nc3 dxe4 4. Nxe4 Nd7 5. Nf3 Ngf6 6. Bd3 Be7 7. Nxf6+ Nxf6
8. O-O O-O 9. Qe2 b6 10. Bg5 Bb7 11. Rad1 Qd5 12. c4 Qa5 13. Ne5 Rad8 14. a3 c5
15. b4 cxb4 16. Rb1 bxa3 17. Rb5 Qa4 18. Bc2 Qa6 19. Ng4 Nxg4 20. Bxe7 Rxd4 21.
Bxf8 Kxf8 22. Bb3 Bc6 23. Rg5 Nf6 24. Rd1 Rxd1+ 25. Qxd1 Ke7 26. h4 g6 27. Re5
Ne4 28. f3 Nc5 29. Ba2 Ba4 30. Qc1 Bb3 31. Rxc5 bxc5 32. Bxb3 Qa5 33. Ba2 Qb4
34. Kf2 a5 35. Ke2 h5 36. Qg5+ Ke8 37. Qc1 Ke7 38. Kd3 a4 39. Qc3 Kd6 40. Qc2
Qe1 41. Qd2 Qxh4 42. Kc3+ Ke7 43. Qe3 Qf6+ 44. Kd3 Kd6 45. Qc1 Qf5+ 46. Ke2
Qe5+ 47. Kf2 Qd4+ 48. Ke2 Qe5+ 49. Kd3 Qd4+ 50. Kc2 Qf2+ 51. Qd2+ Qxd2+ 52.
Kxd2 Ke5 53. Ke3 g5 54. g3 h4 55. f4+ gxf4+ 56. gxf4+ Kf5 57. Kf3 e5 58. Bb1+
Kf6 59. f5 a2 60. Bxa2 Kxf5 61. Bb1+ Kg5 62. Ke4 a3 63. Kd5 h3 64. Kxc5 h2 0-1

[Event "Europa ch 2014"]
[Site "Yerevan ARM"]
[Date "2014.03.12"]
[Round "9.103"]
[White "Pogosian, Georgy"]
[Black "Charochkina, Daria"]
[Result "0-1"]
[WhiteElo "2234"]
[BlackElo "2374"]
[PlyCount "138"]
[EventDate "2014.03.03"]
[EventType "swiss"]
[EventRounds "11"]
[EventCountry "ARM"]
[Source "lmi"]
[SourceDate "2014.03.02"]

1. d4 Nf6 2. Nf3 g6 3. c4 Bg7 4. Nc3 d5 5. Bf4 O-O 6. Rc1 dxc4 7. e3 Nbd7 8.
Bxc4 Nb6 9. Bb3 c6 10. O-O Nbd5 11. Be5 Nxc3 12. bxc3 a5 13. h3 Bf5 14. c4 b5
15. cxb5 cxb5 16. Bc7 Qe8 17. d5 a4 18. Bc2 Bxc2 19. Rxc2 Qd7 20. d6 Ne4 21.
dxe7 Qxe7 22. Bb6 Bc3 23. Qd3 b4 24. Bd4 Rfd8 25. Qb5 a3 26. Bxc3 Nxc3 27. Qc4
Rac8 28. Qb3 Qe4 29. Kh1 Rc5 30. Nd4 Rg5 31. Nf3 Rh5 32. Kg1 Rdd5 33. Rxc3 bxc3
34. Qxc3 Qd3 35. Qc8+ Rd8 36. Qc7 Qd6 37. Qa7 Rb5 38. Rc1 Rb2 39. Ng5 Qf8 40.
Rc7 Rd1+ 41. Kh2 Rxf2 42. Ne4 Rf5 43. Re7 Rd8 44. g4 Ra8 45. Qc7 Rb5 46. Nf6+
Kg7 47. Qc3 Qb8+ 48. Kg2 Rb2+ 49. Kf3 Rf2+ 50. Kxf2 Qb2+ 51. Qxb2 axb2 52. Ne8+
Kf8 53. Rb7 Rxa2 54. Kf3 Kxe8 55. g5 Kd8 56. Kf4 Kc8 57. Rb3 Kc7 58. Ke5 Ra5+
59. Kf6 Ra6+ 60. Kxf7 Rb6 61. Rxb2 Rxb2 62. Kg7 Rh2 63. Kxh7 Rxh3+ 64. Kxg6
Rxe3 65. Kh7 Rh3+ 66. Kg7 Kd7 67. g6 Ke7 68. Kg8 Rg3 69. g7 Rg1 0-1

[Event "Europa ch 2014"]
[Site "Yerevan ARM"]
[Date "2014.03.12"]
[Round "9.105"]
[White "Birnboim, Nathan"]
[Black "Hairapetian, Anna"]
[Result "1-0"]
[WhiteElo "2353"]
[BlackElo "2188"]
[PlyCount "41"]
[EventDate "2014.03.03"]
[EventType "swiss"]
[EventRounds "11"]
[EventCountry "ARM"]
[Source "lmi"]
[SourceDate "2014.03.02"]

1. g3 Nf6 2. Bg2 g6 3. e4 d6 4. d4 Bg7 5. Nc3 O-O 6. Nf3 Nbd7 7. O-O e5 8. h3
exd4 9. Nxd4 Nc5 10. Nb3 Ne6 11. Be3 a5 12. a4 c6 13. Qd2 Qc7 14. f4 Rd8 15.
Qf2 Nd7 16. Rad1 b6 17. f5 Nec5 18. fxg6 fxg6 19. Qf7+ Kh8 20. Qe7 Ba6 21. Nxc5
1-0

[Event "Europa ch 2014"]
[Site "Yerevan ARM"]
[Date "2014.03.12"]
[Round "9.106"]
[White "Bykova, Anastasia"]
[Black "Vardanian, Haik G"]
[Result "0-1"]
[WhiteElo "2132"]
[BlackElo "2327"]
[PlyCount "100"]
[EventDate "2014.03.03"]
[EventType "swiss"]
[EventRounds "11"]
[EventCountry "ARM"]
[Source "lmi"]
[SourceDate "2014.03.02"]

1. e4 c5 2. c3 Nc6 3. Nf3 d5 4. exd5 Qxd5 5. d4 Bg4 6. Be2 Nf6 7. O-O e6 8. Be3
cxd4 9. Nxd4 Bxe2 10. Qxe2 a6 11. Nd2 Bd6 12. h3 Bc7 13. Rfd1 O-O-O 14. N4f3
Qh5 15. b4 Nd5 16. Rdc1 Ne5 17. b5 axb5 18. a4 Nxe3 19. Qxe3 Rd3 20. Qe4 Nxf3+
21. Nxf3 Qd5 22. Qe2 Rd8 23. axb5 Kb8 24. c4 Qc5 25. Ra4 Bb6 26. Ra2 Qd6 27.
Raa1 f6 28. Rc2 e5 29. Kh1 g6 30. Rac1 Bc5 31. g3 Qe6 32. Kg2 e4 33. Ne1 R3d6
34. Rb1 f5 35. Kh2 g5 36. Qh5 h6 37. Ng2 Rd2 38. Rbb2 R2d6 39. Re2 Qxc4 40.
Rbc2 Qd5 41. h4 Rg8 42. Ne3 Bxe3 43. Rxe3 Rdg6 44. Rec3 Qd6 45. Rc5 Rf6 46. Kg2
gxh4 47. Rxf5 hxg3 48. f3 Qd3 49. Ra2 exf3+ 50. Rxf3 Qxf3+ 0-1

[Event "Europa ch 2014"]
[Site "Yerevan ARM"]
[Date "2014.03.12"]
[Round "9.107"]
[White "Kursova, Maria"]
[Black "Avetisyan, Ashot"]
[Result "1-0"]
[WhiteElo "2326"]
[BlackElo "2121"]
[PlyCount "45"]
[EventDate "2014.03.03"]
[EventType "swiss"]
[EventRounds "11"]
[EventCountry "ARM"]
[Source "lmi"]
[SourceDate "2014.03.02"]

1. d4 d5 2. Nf3 Nf6 3. c4 c6 4. e3 g6 5. Nc3 Bg7 6. Bd3 O-O 7. O-O Nbd7 8. cxd5
Nxd5 9. e4 Nxc3 10. bxc3 e5 11. Rb1 exd4 12. cxd4 c5 13. d5 a6 14. a4 b6 15.
Bc4 Bb7 16. Re1 Re8 17. Qb3 Rb8 18. Bf4 Rc8 19. e5 h6 20. e6 Nf8 21. exf7+ Kxf7
22. d6+ Ne6 23. Bxe6+ 1-0

[Event "Europa ch 2014"]
[Site "Yerevan ARM"]
[Date "2014.03.12"]
[Round "9.108"]
[White "Galojan, Lilit"]
[Black "Hoghmrtsyan, Artur"]
[Result "1-0"]
[WhiteElo "2317"]
[BlackElo "1878"]
[PlyCount "149"]
[EventDate "2014.03.03"]
[EventType "swiss"]
[EventRounds "11"]
[EventCountry "ARM"]
[Source "lmi"]
[SourceDate "2014.03.02"]

1. d4 Nf6 2. c4 g6 3. Nc3 Bg7 4. e4 d6 5. f3 O-O 6. Be3 Nbd7 7. Qd2 c5 8. Nge2
a6 9. Rd1 Qa5 10. dxc5 dxc5 11. Nc1 Qc7 12. Be2 b6 13. O-O Bb7 14. f4 Rad8 15.
Nd5 Bxd5 16. exd5 Ne4 17. Qc2 Nd6 18. Bf2 b5 19. Rfe1 Rb8 20. cxb5 axb5 21. Nb3
Rfc8 22. Bg4 f5 23. Bf3 Nf6 24. Qxc5 Qd7 25. Qe3 Nfe4 26. Bxe4 Nxe4 27. Qe2 Qd6
28. Be3 Ra8 29. a3 b4 30. axb4 Qxb4 31. Nd4 Ra2 32. Nc6 Qd6 33. Qc4 Rca8 34. b4
Bc3 35. Bc5 Qxf4 36. Nxe7+ Kg7 37. Rxe4 Rxg2+ 38. Kxg2 Ra2+ 39. Qxa2 Qxe4+ 40.
Kg1 Qg4+ 41. Kf2 Qxd1 42. Qe2 Qh1 43. Kg3 Qc1 44. d6 Qg5+ 45. Kh3 Qh6+ 46. Kg2
Qg5+ 47. Kf1 Qc1+ 48. Kf2 Qf4+ 49. Kg2 Qg5+ 50. Kh1 Qc1+ 51. Bg1 Bd4 52. Qg2
Bxg1 53. Qxg1 Qf4 54. Qa1+ Kf7 55. Qa2+ Kg7 56. Qb2+ Kf7 57. Qb3+ Kg7 58. Qc3+
Kf7 59. Qb3+ Kg7 60. Qd3 Qc1+ 61. Kg2 Qg5+ 62. Kf3 Qg4+ 63. Ke3 Qg1+ 64. Kd2
Qxh2+ 65. Kc3 Qa2 66. d7 Qa3+ 67. Kc2 Qa4+ 68. Kc3 Qa3+ 69. Kc4 Qa6+ 70. b5
Qe6+ 71. Qd5 Qe2+ 72. Kb3 Qe3+ 73. Ka4 Qf4+ 74. Ka5 Qc7+ 75. Ka6 1-0

[Event "Europa ch 2014"]
[Site "Yerevan ARM"]
[Date "2014.03.12"]
[Round "9.109"]
[White "Nikolaidis, Konstantinos"]
[Black "Imnadze, Nato"]
[Result "1/2-1/2"]
[WhiteElo "2186"]
[BlackElo "2100"]
[PlyCount "86"]
[EventDate "2014.03.03"]
[EventType "swiss"]
[EventRounds "11"]
[EventCountry "ARM"]
[Source "lmi"]
[SourceDate "2014.03.02"]

1. e4 e5 2. Nf3 Nc6 3. Bc4 Be7 4. d3 Nf6 5. Nc3 d6 6. a3 a6 7. O-O Bg4 8. h3
Bh5 9. Nd5 Nd4 10. g4 Nxf3+ 11. Qxf3 Nxd5 12. Bxd5 c6 13. Bxc6+ bxc6 14. gxh5
g6 15. Kh2 Qd7 16. Be3 f5 17. Rg1 Kf7 18. Rg2 f4 19. Bd2 g5 20. Bc3 Qe6 21.
Rgg1 Bf6 22. b3 Kg7 23. Qg4 Rae8 24. Rg2 Kh6 25. Rag1 Rhg8 26. Ba5 Qf7 27. Qf5
Ref8 28. Rg4 Rg7 29. Bb4 c5 30. Bd2 Bd8 31. Qxf7 Rfxf7 32. f3 Kxh5 33. Rb1 Rb7
34. Rgg1 Kg6 35. Rgc1 a5 36. a4 Kf6 37. Rg1 Ke6 38. Be1 h5 39. Bf2 Rg6 40. Rg2
Rbg7 41. Rbg1 Bb6 42. Kh1 Ba7 43. Kh2 Bb6 1/2-1/2

[Event "Europa ch 2014"]
[Site "Yerevan ARM"]
[Date "2014.03.12"]
[Round "9.110"]
[White "Cherednichenko, Svetlana"]
[Black "Hudyakov, Sergey"]
[Result "1/2-1/2"]
[WhiteElo "2270"]
[BlackElo "2107"]
[PlyCount "81"]
[EventDate "2014.03.03"]
[EventType "swiss"]
[EventRounds "11"]
[EventCountry "ARM"]
[Source "lmi"]
[SourceDate "2014.03.02"]

1. d4 Nf6 2. Nf3 g6 3. c4 Bg7 4. Nc3 O-O 5. e4 d6 6. Be2 Nbd7 7. O-O e5 8. Be3
Ng4 9. Bg5 f6 10. Bh4 Nh6 11. dxe5 dxe5 12. b4 Nf7 13. c5 c6 14. Qb3 Qe7 15.
Rac1 Re8 16. Nd2 Nf8 17. Bc4 Ne6 18. Ne2 Rd8 19. Rcd1 a5 20. a3 Nc7 21. Bxf7+
Qxf7 22. Qxf7+ Kxf7 23. Nc4 Rxd1 24. Rxd1 axb4 25. axb4 Be6 26. Nd6+ Ke7 27.
Nxb7 Rb8 28. Na5 Bd7 29. f4 Rxb4 30. fxe5 g5 31. exf6+ Bxf6 32. Bg3 Rxe4 33.
Bxc7 Rxe2 34. Kf1 Re4 35. Nb7 Re6 36. Nd8 Re4 37. Nb7 Re6 38. Nd8 Re4 39. Nb7
Re6 40. Nd8 Re4 41. Nb7 1/2-1/2

[Event "Europa ch 2014"]
[Site "Yerevan ARM"]
[Date "2014.03.12"]
[Round "9.111"]
[White "Hakobyan, Aram"]
[Black "Gharagyozyan, Artur"]
[Result "1/2-1/2"]
[WhiteElo "2103"]
[BlackElo "2216"]
[PlyCount "115"]
[EventDate "2014.03.03"]
[EventType "swiss"]
[EventRounds "11"]
[EventCountry "ARM"]
[Source "lmi"]
[SourceDate "2014.03.02"]

1. c4 e6 2. d4 d5 3. Nc3 Nf6 4. Bg5 Nbd7 5. e3 Be7 6. Nf3 O-O 7. Qc2 c6 8. a3
a6 9. cxd5 exd5 10. Bd3 Re8 11. O-O Nf8 12. b4 Ng6 13. Rab1 Nh5 14. Bxe7 Qxe7
15. a4 Bg4 16. Ne1 Rad8 17. Be2 Qg5 18. Bxg4 Qxg4 19. Qd1 Qg5 20. Nf3 Qe7 21.
b5 axb5 22. axb5 Rd6 23. bxc6 bxc6 24. Qd3 Nf6 25. Nd2 Ne4 26. Ncxe4 dxe4 27.
Qa3 Nh4 28. Qc5 Qc7 29. Rb7 Qd8 30. Rfb1 Rg6 31. g3 Nf3+ 32. Nxf3 exf3 33. Qb6
Qd5 34. Rb8 Rge6 35. h4 Qf5 36. Kh2 Qc2 37. Qb2 Qd3 38. Rc1 h5 39. Rxe8+ Rxe8
40. Qc2 Qxc2 41. Rxc2 Re6 42. Rc5 g6 43. g4 hxg4 44. Rg5 f5 45. h5 Kg7 46. hxg6
Rf6 47. Kg3 Rf8 48. Kf4 Rf6 49. Ke5 Rf8 50. e4 fxe4 51. Kxe4 Re8+ 52. Kf4 Rd8
53. Ke4 Re8+ 54. Kf5 Re2 55. Rxg4 Rxf2 56. Kf4 Rf1 57. Rg3 f2 58. Kf3 1/2-1/2

[Event "Europa ch 2014"]
[Site "Yerevan ARM"]
[Date "2014.03.12"]
[Round "9.112"]
[White "Erenberg, Ariel"]
[Black "Tiraturyan, David"]
[Result "1-0"]
[WhiteElo "2092"]
[BlackElo "2201"]
[PlyCount "103"]
[EventDate "2014.03.03"]
[EventType "swiss"]
[EventRounds "11"]
[EventCountry "ARM"]
[Source "lmi"]
[SourceDate "2014.03.02"]

1. d4 d6 2. Nf3 Bg4 3. c4 Bxf3 4. exf3 c6 5. Nc3 g6 6. Be3 Bg7 7. Be2 e6 8. Qb3
Qc7 9. Ne4 Ne7 10. Qxb7 Qxb7 11. Nxd6+ Kd7 12. Nxb7 Na6 13. O-O-O Rhb8 14. Na5
Ke8 15. f4 Rc8 16. Bf3 Rab8 17. a3 Rc7 18. b4 Rd8 19. g4 Nb8 20. h4 Rcd7 21.
Nb3 h5 22. Nc5 Rc7 23. gxh5 gxh5 24. Bxh5 Kf8 25. Bg4 Nd7 26. Na6 Rcc8 27. Kc2
Nf6 28. Bh3 Ne4 29. Nc5 Nd6 30. Kc3 a5 31. bxa5 Ra8 32. a6 Ndf5 33. Bxf5 Nxf5
34. h5 Ra7 35. Rd2 Kg8 36. Rb1 Bf8 37. Rb6 Rda8 38. Rxc6 Ne7 39. Rb6 Nc8 40.
Rb3 Bxc5 41. dxc5 Rxa6 42. Rd8+ Kh7 43. Bd4 Ne7 44. Rd7 Nf5 45. Rxf7+ Kh6 46.
Rxf5 exf5 47. Rb6+ Kxh5 48. Rxa6 Rxa6 49. Kb4 Kg6 50. Kb5 Rxa3 51. c6 Rb3+ 52.
Kc5 1-0

[Event "Europa ch 2014"]
[Site "Yerevan ARM"]
[Date "2014.03.12"]
[Round "9.113"]
[White "Babayan, Armine"]
[Black "Basencyan, Mark"]
[Result "1/2-1/2"]
[WhiteElo "2085"]
[BlackElo "2186"]
[PlyCount "133"]
[EventDate "2014.03.03"]
[EventType "swiss"]
[EventRounds "11"]
[EventCountry "ARM"]
[Source "lmi"]
[SourceDate "2014.03.02"]

1. e4 d6 2. d4 Nf6 3. Nc3 e5 4. d5 Be7 5. Be2 Nbd7 6. Be3 Nc5 7. f3 Nh5 8. g3
Nf6 9. Qd2 O-O 10. O-O-O a6 11. g4 b5 12. a3 Rb8 13. b4 Ncd7 14. h4 Nb6 15. h5
Bd7 16. g5 Ne8 17. Nh3 Qc8 18. Nf2 c5 19. dxc6 Qxc6 20. Nd5 Bd8 21. Bxb6 Rxb6
22. Rdg1 Rb8 23. g6 Rc8 24. gxh7+ Kxh7 25. Bd3 a5 26. f4 axb4 27. axb4 Ra8 28.
f5 Ra1+ 29. Kb2 Rxg1 30. Rxg1 Rg8 31. Nh3 Bxf5 32. Ng5+ Bxg5 33. Qxg5 Be6 34.
Ne7 Qb6 35. Nxg8 Qd4+ 36. c3 Qf2+ 37. Kc1 Kxg8 38. Bxb5 Bb3 39. Rg2 Qa7 40.
Bxe8 Qa1+ 41. Kd2 Qd1+ 42. Ke3 Qe1+ 43. Re2 Qc1+ 44. Rd2 Qe1+ 45. Kd3 Qf1+ 46.
Re2 Qb1+ 47. Kd2 Qd1+ 48. Ke3 Qc1+ 49. Rd2 Qe1+ 50. Kf3 Bd1+ 51. Rxd1 Qxd1+ 52.
Kf2 Qc2+ 53. Kg1 Qd1+ 54. Kh2 Qe2+ 55. Qg2 Qxh5+ 56. Kg3 Qg5+ 57. Kf3 Qc1 58.
b5 Qxc3+ 59. Kf2 Qd2+ 60. Kg1 Qe1+ 61. Qf1 Qg3+ 62. Kh1 Qh4+ 63. Kg1 Qg3+ 64.
Qg2 Qe1+ 65. Qf1 Qg3+ 66. Qg2 Qe1+ 67. Qf1 1/2-1/2

[Event "Europa ch 2014"]
[Site "Yerevan ARM"]
[Date "2014.03.12"]
[Round "9.114"]
[White "Gevorgyan, Maria"]
[Black "Gaboyan, Susanna"]
[Result "1-0"]
[WhiteElo "2180"]
[BlackElo "2043"]
[PlyCount "49"]
[EventDate "2014.03.03"]
[EventType "swiss"]
[EventRounds "11"]
[EventCountry "ARM"]
[Source "lmi"]
[SourceDate "2014.03.02"]

1. e4 e5 2. Nf3 Nc6 3. Bc4 Bc5 4. c3 Nf6 5. d3 a6 6. O-O d6 7. h3 O-O 8. Bb3
Ba7 9. Re1 Ne7 10. Nbd2 Ng6 11. Nf1 Nh5 12. d4 Nhf4 13. Ng3 Qf6 14. Nh5 Qe7 15.
Bxf4 Nxf4 16. Nxf4 exf4 17. Qd2 Qf6 18. e5 dxe5 19. Rxe5 Bd7 20. Rae1 Rae8 21.
R1e4 Bb8 22. Rxf4 Qg6 23. Qe1 Be6 24. Bxe6 Rxe6 25. Rxf7 1-0

[Event "Europa ch 2014"]
[Site "Yerevan ARM"]
[Date "2014.03.12"]
[Round "9.115"]
[White "Barseghyan, Harutyun"]
[Black "Vatinyan, Gor"]
[Result "1-0"]
[WhiteElo "2067"]
[BlackElo "2176"]
[PlyCount "69"]
[EventDate "2014.03.03"]
[EventType "swiss"]
[EventRounds "11"]
[EventCountry "ARM"]
[Source "lmi"]
[SourceDate "2014.03.02"]

1. d4 Nf6 2. Nf3 g6 3. c4 c5 4. d5 d6 5. Nc3 Bg7 6. h3 O-O 7. e4 Na6 8. Bd3 Bd7
9. O-O Rb8 10. Qe2 Nc7 11. a4 a6 12. a5 e5 13. dxe6 Nxe6 14. Nd5 Re8 15. Be3
Nxd5 16. cxd5 Nc7 17. Ra2 Bb5 18. Qc2 Qe7 19. Nd2 Kh8 20. Bc4 b6 21. axb6 Rxb6
22. b4 Bxc4 23. Nxc4 Rxb4 24. Nxd6 Reb8 25. Bxc5 Rb2 26. Rxb2 Rxb2 27. Qc1 Qd7
28. Qf4 Kg8 29. Rc1 Nb5 30. Nc4 Nc3 31. Rxc3 Bxc3 32. Nxb2 Qb5 33. Qd6 Kg7 34.
Qf8+ Kf6 35. Qh8+ 1-0

[Event "Europa ch 2014"]
[Site "Yerevan ARM"]
[Date "2014.03.12"]
[Round "9.116"]
[White "Gasparian, Tigran"]
[Black "Sayadyan, Edvard"]
[Result "1-0"]
[WhiteElo "2165"]
[BlackElo "2010"]
[PlyCount "67"]
[EventDate "2014.03.03"]
[EventType "swiss"]
[EventRounds "11"]
[EventCountry "ARM"]
[Source "lmi"]
[SourceDate "2014.03.02"]

1. d4 Nf6 2. Bg5 e6 3. e4 d5 4. Nc3 dxe4 5. Nxe4 Be7 6. Bxf6 gxf6 7. c4 b6 8.
Nf3 Bb7 9. Nc3 c6 10. g3 f5 11. Bg2 Bf6 12. O-O Qd6 13. Re1 O-O 14. g4 Qf4 15.
gxf5 c5 16. fxe6 fxe6 17. Rxe6 Bxd4 18. Nd5 Bxd5 19. cxd5 Bxb2 20. Rb1 Bg7 21.
Re7 Na6 22. Qe2 Nc7 23. d6 Qxd6 24. Rd1 Qf4 25. Rdd7 Ne8 26. Ne5 Rc8 27. Bd5+
Kh8 28. Nf7+ Rxf7 29. Rxf7 Qc1+ 30. Qf1 Qg5+ 31. Kh1 Qe5 32. Qg1 h6 33. Rf8+
Kh7 34. Qb1+ 1-0

[Event "Europa ch 2014"]
[Site "Yerevan ARM"]
[Date "2014.03.12"]
[Round "9.117"]
[White "Parvanyan, Ashot"]
[Black "Tutisani, Noe"]
[Result "0-1"]
[WhiteElo "1804"]
[BlackElo "2137"]
[PlyCount "134"]
[EventDate "2014.03.03"]
[EventType "swiss"]
[EventRounds "11"]
[EventCountry "ARM"]
[Source "lmi"]
[SourceDate "2014.03.02"]

1. d4 Nf6 2. c4 g6 3. Nc3 Bg7 4. Nf3 O-O 5. g3 d6 6. Bg2 Nbd7 7. O-O e5 8. h3
Re8 9. e4 exd4 10. Nxd4 Nc5 11. Re1 a5 12. Nb3 Ne6 13. Be3 a4 14. Nd4 Nc5 15.
Qc2 c6 16. Rad1 Qa5 17. f4 Nfd7 18. Bf2 Nb6 19. Bf1 Ne6 20. Kh2 h5 21. h4 Nc5
22. Rb1 Qb4 23. a3 Qa5 24. Rbd1 Bg4 25. Be2 Bxe2 26. Qxe2 Qa6 27. Qf3 Nxc4 28.
Re2 Nd7 29. g4 hxg4 30. Qxg4 Nf6 31. Qf3 Nh5 32. Kh1 Bh6 33. Rg1 Kh7 34. Rg4
Re7 35. Nc2 Rae8 36. Nb4 Qa8 37. Nd3 Qc8 38. Rg2 b5 39. f5 Rg8 40. Re1 Nd2 41.
Qh3 Qe8 42. e5 dxe5 43. Bc5 Rd7 44. Nxe5 Nf4 45. fxg6+ Rxg6 46. Qf5 Qe6 47.
Qxe6 Rxe6 48. Nxd7 Rxe1+ 49. Rg1 Rxg1+ 50. Kxg1 Nd3 51. Bd6 Nc4 52. Bc7 Ndxb2
53. Nb8 Bg7 54. Ne4 c5 55. Nd7 b4 56. axb4 cxb4 57. Ndc5 Bd4+ 58. Kf1 Kg6 59.
Ke2 f5 60. Ne6 Bc3 61. N4c5 Kh5 62. Bd8 Kg4 63. Bg5 f4 64. Ne4 a3 65. N4c5 f3+
66. Kf1 Nd2+ 67. Ke1 f2+ 0-1

[Event "Europa ch 2014"]
[Site "Yerevan ARM"]
[Date "2014.03.12"]
[Round "9.118"]
[White "Nersisyan, Garnik"]
[Black "Ghvamberia, Nika"]
[Result "0-1"]
[WhiteElo "2063"]
[BlackElo "2133"]
[PlyCount "82"]
[EventDate "2014.03.03"]
[EventType "swiss"]
[EventRounds "11"]
[EventCountry "ARM"]
[Source "lmi"]
[SourceDate "2014.03.02"]

1. e4 c5 2. Nc3 d6 3. g3 g6 4. d3 Bg7 5. Be3 Nc6 6. Qd2 e6 7. Bg2 Rb8 8. Nge2
Nge7 9. Bh6 O-O 10. h4 f6 11. Bxg7 Kxg7 12. g4 e5 13. g5 f5 14. f4 b5 15. Nd5
Nxd5 16. exd5 Ne7 17. O-O-O Bb7 18. c4 bxc4 19. dxc4 e4 20. h5 Ba6 21. Qc3+ Kg8
22. hxg6 Nxg6 23. Rh6 Nxf4 24. Nxf4 Qxg5 25. Rdh1 Qxf4+ 26. Kb1 Rb7 27. Bf1 Rg7
28. Be2 Bc8 29. a3 Qe5 30. Qxe5 dxe5 31. b4 f4 32. bxc5 f3 33. Bd1 e3 34. Bxf3
Rxf3 35. c6 e2 36. Re1 Rf1 37. Rh1 Rxh1 38. Rxh1 Rf7 39. Re1 Rf1 40. d6 Rxe1+
41. Kc2 Rd1 0-1

[Event "Europa ch 2014"]
[Site "Yerevan ARM"]
[Date "2014.03.12"]
[Round "9.119"]
[White "Pavlidou, Ekaterini"]
[Black "Aleksanyan, Hrant"]
[Result "1-0"]
[WhiteElo "2188"]
[BlackElo "2003"]
[PlyCount "129"]
[EventDate "2014.03.03"]
[EventType "swiss"]
[EventRounds "11"]
[EventCountry "ARM"]
[Source "lmi"]
[SourceDate "2014.03.02"]

1. d4 Nf6 2. c4 e6 3. Nf3 b6 4. g3 Ba6 5. b3 Bb7 6. Bg2 Bb4+ 7. Bd2 a5 8. O-O
O-O 9. a3 Bxd2 10. Nbxd2 Ne4 11. Qc2 Nxd2 12. Qxd2 Be4 13. Rfd1 d6 14. Rac1 Nd7
15. Qe3 Nf6 16. Ne1 Bxg2 17. Nxg2 c6 18. Nf4 Qb8 19. Qf3 Qb7 20. Nd3 d5 21. Qf4
Rfc8 22. c5 b5 23. f3 Qc7 24. Ne5 Rf8 25. a4 bxa4 26. bxa4 Nd7 27. Nxd7 Qxd7
28. Rb1 f6 29. Rb6 Rae8 30. Qd6 Qxd6 31. cxd6 Rb8 32. Rxc6 Rfd8 33. Rdc1 Rd7
34. Ra6 Rbd8 35. Rcc6 Kf7 36. f4 e5 37. fxe5 fxe5 38. dxe5 Ke6 39. Rxa5 Kxe5
40. Raa6 g5 41. h3 Ke4 42. Kf2 Rf8+ 43. Ke1 Rf6 44. Kd2 Rh6 45. a5 Rxh3 46. Rc7
Rd8 47. Re7+ Kf5 48. d7 Rxg3 49. Rc6 Rb3 50. Rc8 Kf6 51. Rxh7 Rb8 52. Rc6+ Kf5
53. a6 Ra8 54. Rf7+ Kg4 55. Rd6 Ra7 56. Ke3 Kg3 57. Rxd5 g4 58. Rd6 Kg2 59. Rg7
g3 60. Rdg6 Kh2 61. Rxg3 Rxa6 62. Kf2 Rf6+ 63. Rf3 Rh6 64. Rff7 Rdh8 65. Rh7
1-0